00463nam a2200145Ia 4500008004100000082001400041100001800055245002000073260003300093300001000126600001400136942000700150952014300157999001700300250604s9999 xx 000 0 und d a923.1 RAV aRavoof, A. A. 0aMeet Mr. Jinnah aLahore:bAshraf Press,c1965 a242p. aBiography cGB 00104070aUITUbUITUcGIFd2025-06-04eGifted by Anonymousl0o923.1 RAVpG222r2025-06-04 16:03:08w2025-06-04yGBzGifted by Anonymous c31389d31389